[Event "17th Prague Open 2018"]
[Site "Prague"]
[Date "2018.01.13"]
[Round "2"]
[White "Kiriakov, Petr"]
[Black "Kareva, Natalia"]
[Result "1/2-1/2"]
[WhiteElo "2528"]
[BlackElo "2207"]
[Annotator "TA"]
[PlyCount "77"]
[EventDate "2018.??.??"]
[EventType "swiss"]
[EventCountry "CZE"]
[SourceTitle "playchess.com"]
[Source "ChessBase"]
[SourceQuality "1"]

{[%evp 9,77,-13,19,32,32,20,24,30,52,41,48,50,41,41,54,55,53,60,55,63,63,40,48,30,33,26,33,22,21,18,20,27,23,17,28,14,16,13,13,0,0,6,19,0,0,0,15,0,0,0,0,0,0,0,0,0,0,0,0,0,0,0,0,0,0,0,0,0,0,0]} 1. d4 Nf6 2. c4 e6 3. Nc3 Bb4 4. Qb3 c5 5. dxc5 Qa5 (5... Nc6 6. Bg5 h6 7. Bxf6 Qxf6 8. Nf3 Bxc5 9. e3 b6 10. Bd3 Bb7 11. Ne4 Bb4+ 12. Ke2 Qe7 13. a3 Bc5 14. Nxc5 Qxc5 {½-½ (31) Zhou,J (2620)-Bu,X (2723) Wuxi 2016}) 6. Bd2 {E22: Nimzo-Indian: 4 Qb3} Qxc5 7. e3 d5 $146 ({Find the theoretical novelty and annotate with similar games:} 7... O-O 8. Nf3 Nc6 9. a3 Ba5 10. Qc2 Qe7 11. Be2 Bc7 12. O-O b6 13. b4 {1-0 (48) Vlatkovic,M (2310)-Vranesevic,D (2023) Sozina 2004}) 8. a3 {White has an edge.} Ba5 9. cxd5 Nxd5 10. Qb5+ Qxb5 11. Bxb5+ Bd7 12. Bxd7+ Kxd7 13. Nxd5 Bxd2+ 14. Kxd2 {[#] Nf4 is the strong threat.} exd5 15. Nf3 Nc6 16. Rac1 Rac8 17. Rc5 Ne7 18. Rhc1 (18. Ra5 {NOTEXT} Ra8 19. Rc1 f6 20. Nd4 a6 21. Rac5) 18... f6 19. Nd4 Rxc5 20. Rxc5 $11 {[%mdl 4096] Endgame KRN-KRN} Rc8 21. Rb5 b6 22. h4 Rc5 {The position is equal.} 23. Rb4 Nc8 24. Nb3 Rc7 25. Rd4 Ke6 26. Rg4 f5 27. Nd4+ Ke5 28. Rf4 Nd6 29. b3 Ne4+ 30. Ke2 g6 31. g4 {[%cal Rg4f5]} Nd6 32. gxf5 gxf5 33. Nf3+ Kf6 34. Kd1 Rg7 35. Rd4 Ne4 36. Ke1 $1 Rc7 37. Rxd5 Rc1+ 38. Rd1 Rxd1+ 39. Kxd1 {Precision: White = 56%, Black = 90%.} 1/2-1/2

[Event "17th Prague Open 2018"]
[Site "Prague"]
[Date "2018.01.13"]
[Round "2"]
[White "Pena Gomez, Manuel"]
[Black "Makoveev, Ilya"]
[Result "1/2-1/2"]
[WhiteElo "2491"]
[BlackElo "2196"]
[Annotator "TA"]
[PlyCount "115"]
[EventDate "2018.??.??"]
[EventType "swiss"]
[EventCountry "CZE"]
[SourceTitle "playchess.com"]
[Source "ChessBase"]
[SourceQuality "1"]

{[%evp 13,115,20,34,15,16,0,0,0,0,0,31,0,0,0,23,0,8,8,17,8,20,0,6,-8,0,-6,28,17,20,8,225,-7,-7,-6,0,0,0,-10,0,0,0,-14,-14,-14,-7,-14,-14,-14,0,-21,0,-14,-14,-14,-14,-14,-7,-7,-7,-7,0,0,0,0,0,0,0,0,0,0,0,0,0,0,0,0,0,0,0,0,0,0,0,0,0,0,0,0,0,0,0,0,0,0,0,0,0,0,0,-39,0,-40,0,-39]} 1. e4 c5 2. Nf3 d6 3. Bb5+ Nd7 4. O-O a6 5. Bd3 Ngf6 6. Re1 {B51: Sicilian: Moscow Variation (3 Bb5+) without 3...Bd7} b5 7. c4 Ne5 {LiveBook: 12 Games} 8. Nxe5 {White is slightly better.} dxe5 9. Bf1 b4 10. a3 $146 ({Predecessor:} 10. d3 e6 11. Nd2 Bd6 12. a3 Nd7 {1-0 (42) Bacrot,E (2708)-So,W (2812) Paris 2017}) 10... e6 11. d3 Bb7 12. Be3 a5 13. Nd2 Bd6 14. Qa4+ Ke7 15. Qd1 Qc7 16. Qf3 h6 17. h4 Rhg8 18. g4 Nd7 19. Qh3 Raf8 20. axb4 axb4 21. Nb3 f5 $2 {[#]} (21... Ra8 $11 {and Black stays safe.}) 22. f3 $2 (22. exf5 $18 exf5 23. gxf5) 22... f4 $11 23. Bf2 g6 24. Be2 Ra8 25. Qf1 Qb6 26. Kg2 Bc6 27. Rxa8 Rxa8 28. Ra1 Ra7 29. Qb1 Ra6 30. Qg1 Ra7 31. Qb1 Ra6 32. Bd1 Qa7 33. Rxa6 Qxa6 34. Bc2 Qa7 35. Kf1 {[%cal Bg2f1,Bf1e2,Be2d2,Bd2c1,Bc1b1,Bb1c2][%mdl 32]} Kd8 36. Ke2 Kc7 37. Kd2 Qa6 38. Qg1 {[%cal Rf2c5]} Qa7 39. Kc1 Be7 40. g5 h5 41. Kb1 Ba4 42. Nc1 Bxc2+ 43. Kxc2 Qa1 44. Nb3 Qxg1 45. Bxg1 {[%mdl 4096] Endgame KBN-KBN} Kb6 46. Nc1 Kc6 47. Kb3 Bd6 48. Bf2 Bc7 49. Be1 Kb6 50. Ka4 Bd6 51. Bd2 Nb8 52. Be1 Nc6 53. Bf2 Be7 54. Nb3 Bd6 55. Na1 Be7 56. Nc2 Bd6 57. Ne1 Be7 58. Nc2 {Precision: White = 57%, Black = 52%.} 1/2-1/2

[Event "17th Prague Open 2018"]
[Site "Prague"]
[Date "2018.01.13"]
[Round "2"]
[White "Jurcik, Marian"]
[Black "Solozhenkina, Elizaveta"]
[Result "1/2-1/2"]
[WhiteElo "2460"]
[BlackElo "2190"]
[Annotator "TA"]
[PlyCount "247"]
[EventDate "2018.??.??"]
[EventType "swiss"]
[EventCountry "CZE"]
[SourceTitle "playchess.com"]
[Source "ChessBase"]
[SourceQuality "1"]

{[%evp 20,247,23,23,26,28,47,18,37,30,56,55,90,35,39,28,21,16,62,74,75,52,125,119,123,128,121,71,139,139,139,136,220,229,239,242,462,254,252,239,254,241,290,288,372,376,377,410,408,384,412,423,399,368,396,385,375,418,425,410,463,460,467,472,469,445,447,437,376,210,239,234,199,161,127,12,12,12,12,12,12,12,12,12,12,12,12,0,12,12,22,23,69,48,63,23,441,441,359,210,985,912,5274,5102,29952,29955,29948,12230,40,40,40,40,40,0,40,40,29959,29960,29959,29960,29958,29955,29957,29951,29951,29949,29942,0,0,0,12846,0,0,0,0,0,0,0,0,0,0,0,0,0,0,0,0,0,0,0,0,0,0,0,0,0,0,0,0,0,0,0,0,0,0,0,0,0,0,0,0,0,0,0,0,0,0,0,0,0,0,0,0,0,0,0,0,0,0,0,0,0,0,0,0,0,0,0,0,0,0,0,0,0,0,0,0,0,0,0,0,0,0,0,0,0,0,0,0,0,0,0,0,0,0,0,0,0,0,0]} 1. e4 c6 2. d4 d5 3. exd5 cxd5 4. Bd3 Nc6 5. c3 Nf6 6. h3 g6 7. Bf4 Bf5 {B13: Caro-Kann: Exchange Variation and Panov-Botvinnik Attack} 8. Be2 (8. Bxf5 gxf5 9. Nf3 Qb6 10. Qb3 e6 11. O-O Ne4 12. Nbd2 Be7 13. Rad1 Qxb3 14. Nxb3 b5 15. Ne5 Nxe5 16. Bxe5 Rg8 {0-1 (34) Socko,B (2617)-Navara,D (2727) Wroclaw 2014}) 8... Bg7 9. Nf3 O-O 10. Nbd2 Ne4 11. O-O {LiveBook: 4 Games} a6 $146 ({Predecessor:} 11... Qd7 12. Bh2 Bf6 13. Nxe4 Bxe4 14. Nd2 Bf5 15. g4 Be6 16. Bd3 h5 {1-0 (78) Bote Alvarez Carrasco,V (2190)-Alvarez Gonzalez,E (1869) Parla 2010}) 12. Re1 Re8 13. Bf1 b5 14. a3 Na5 15. Nxe4 Bxe4 {[#]} 16. Nd2 ({Better is} 16. Ng5 $1 $16) 16... Bf5 $1 $14 17. b4 Nc4 18. Nb3 Qb6 19. Nc5 a5 20. Qf3 axb4 ({Black should play} 20... e6 $14) 21. axb4 Qc6 22. Bxc4 bxc4 23. b5 Qxb5 (23... Rxa1 $142 24. Rxa1 (24. bxc6 Rxe1+ 25. Kh2 Be4 $11) 24... Qxb5 25. Qxd5 h5) 24. Rxa8 $16 ({Don't take} 24. Qxd5 $6 Rxa1 25. Rxa1 h5 $11) 24... Rxa8 25. Rxe7 ({But not} 25. Qxd5 $6 Re8 $14) 25... Rd8 {[#]} (25... Bf6 $16 26. Rb7 Qc6) 26. g4 $1 $18 Be4 27. Nxe4 $40 {[%mdl 128] Black is in trouble.} Qb1+ $2 (27... dxe4 28. Qxe4 Rc8) 28. Kg2 (28. Bc1 $142 Qxc1+ 29. Kg2) 28... dxe4 29. Qxe4 Qxe4+ 30. Rxe4 {[%mdl 4096] Endgame KRB-KRB} h6 31. Re7 Ra8 32. Rc7 Ra4 33. Rc8+ Kh7 34. Kf3 Bf6 35. Ke4 Kg7 36. Kd5 Ra2 37. Bg3 h5 38. gxh5 gxh5 39. h4 Ra1 40. Kxc4 Rh1 41. Rc5 Kg6 42. Rc6 Kf5 43. Rc7 Kg6 44. Kd3 (44. d5 $142) 44... Bxh4 45. Bxh4 Rxh4 {KR-KR} 46. Ke3 Rh1 47. Kf3 (47. Kf4 $16) 47... Rg1 $11 48. Rc8 Kg7 $1 49. Re8 h4 $1 {[%cal Rh4h3]} 50. Re4 h3 $1 {[%cal Rh3h2]} 51. Rh4 Rc1 52. Rxh3 Rxc3+ 53. Kg4 Rc4 (53... f5+ {is interesting.} 54. Kh4 Rc2 55. f3 Kf6 56. Kg3 Rd2) 54. Rd3 Kf6 55. Kf4 Ra4 56. Ke4 Ke6 57. Rb3 {White wants to play Rb6+.} Ra2 $2 {[%mdl 8192]} (57... f5+ $11 {and Black has nothing to worry.} 58. Ke3 Ra5) 58. Rb6+ $18 Ke7 59. f4 {[%cal Bf2f4,Bf4f5][%mdl 32]} Re2+ $2 (59... Ra4 60. Ke5 f6+ 61. Ke4 (61. Rxf6 Ra5+ 62. d5 Rxd5+ 63. Kxd5 Kxf6 $11) 61... Ra1) 60. Kf5 Rd2 61. Rb7+ Ke8 62. Kf6 Rxd4 63. Rb8+ Kd7 64. f5 $1 Rf4 $1 65. Rb7+ Ke8 $1 66. Rb8+ Kd7 67. Rf8 Rf1 $2 {[%mdl 8192]} (67... Rf3 $14) 68. Rxf7+ Ke8 69. Ra7 Rf2 70. Ra8+ Kd7 71. Rh8 Rf1 72. Rg8 Rf2 73. Rg5 $2 (73. Rf8 {mates} Ra2 74. Kf7 Ra4 75. f6 Kd6 76. Kg6 Ra2 77. Rd8+ Kc7 78. Rd5) 73... Ke8 $1 $11 74. Rg8+ $2 {[%mdl 8192]} (74. Rg1 $11) 74... Kd7 $18 75. Rg5 $2 ({White should try} 75. Rf8 $18 Kd6 76. Rd8+ Kc6 77. Rd1) 75... Ke8 $1 $11 {The position is equal.} 76. Kg6 Ke7 77. Rg4 {Rg1 is the strong threat.} Rf1 78. Re4+ Kf8 $1 79. Rb4 Ke7 80. Rb7+ Kf8 81. Kf6 {[%cal Rb7b8]} Kg8 $1 82. Rb8+ (82. Kg6 $5 {[%cal Rb7b8]} Kf8 83. Ra7 $16) 82... Kh7 83. Rb4 Kg8 84. Rb8+ Kh7 85. Rb5 Kg8 86. Re5 Rf2 87. Rd5 Rf1 88. Rd8+ Kh7 89. Rb8 Rf2 90. Rc8 Rf1 91. Rc5 Kg8 92. Re5 Rf2 93. Rd5 Rf1 94. Rd2 {Strongly threatening Rb2.} Rf3 95. Rg2+ Kf8 96. Kg6 (96. Ra2 {feels hotter.} Kg8 97. Ra8+ Kh7 98. Ra1 Rf2 99. Ke6) 96... Ke7 97. Rg1 Rf2 98. Rg5 Kf8 99. Rh5 Rf1 100. Rh8+ (100. Kf6 $5 {[%cal Rh5h8]} Kg8 101. Rg5+ Kf8 102. Kg6 $16) 100... Ke7 101. Rh7+ Kf8 102. Rf7+ Kg8 103. Ra7 {[%cal Ra7a8]} Kf8 104. Ra6 Rf2 105. Kf6 {[%cal Ra6a8]} Kg8 $1 106. Re6 Rf1 107. Re8+ Kh7 108. Ke6 Kg7 109. Re7+ Kf8 110. Rc7 Kg8 111. Rc5 {And now Kf6 would win.} Kg7 112. Rc7+ Kg8 113. Kf6 {Black must now prevent Rc4.} Rf2 114. Rc1 Rf3 115. Rg1+ Kf8 116. Rg5 (116. Ra1 {looks sharper.} Ke8 117. Ra8+ Kd7 118. Ra6) 116... Rf1 117. Kg6 (117. Rg4 {seems wilder.} Ke8 118. Ke5) 117... Ke7 118. Rg3 {Hoping for Rg2.} Rf2 119. Re3+ Kf8 120. Kf6 Rf1 121. Ke6 {Threatens to win with Ra3.} Kg7 122. Re2 {aiming for Rg2+.} Rf3 123. Rg2+ Kf8 124. Kf6 {Precision: White = 72%, Black = 52%.} 1/2-1/2

[Event "17th Prague Open 2018"]
[Site "Prague"]
[Date "2018.01.13"]
[Round "2"]
[White "Solozhenkin, Evgeniy"]
[Black "Michalicka, Milan"]
[Result "1-0"]
[WhiteElo "2451"]
[BlackElo "2179"]
[Annotator "TA"]
[PlyCount "95"]
[EventDate "2018.??.??"]
[EventType "swiss"]
[EventCountry "CZE"]
[SourceTitle "playchess.com"]
[Source "ChessBase"]
[SourceQuality "1"]

{[%evp 22,95,56,53,51,50,45,41,44,41,37,64,46,37,60,58,139,95,116,59,71,67,103,55,43,0,0,0,0,0,0,0,0,-14,0,0,0,0,0,0,0,0,0,0,47,19,31,9,27,0,84,34,48,11,18,12,119,86,86,86,171,204,191,187,1292,1293,1235,1192,1201,1170,5189,29969,6342,8740,5269,1975]} 1. e4 c5 2. Nf3 g6 3. d4 cxd4 4. Nxd4 Bg7 5. c4 Nc6 6. Be3 Nf6 7. Nc3 Ng4 8. Qxg4 Nxd4 9. Qd1 e5 10. Bd3 O-O 11. O-O d6 12. Qd2 {LiveBook: 63 Games} Qa5 {B39: Sicilian: Maroczy Bind with 5...Bg7 and 7...Ng4} (12... Be6 13. Rfd1 a6 14. b3 Rc8 15. f3 Qd7 16. Rac1 Rc6 17. Ne2 Rfc8 18. Nxd4 exd4 19. Bf2 Qc7 20. f4 b5 {0-1 (40) Vera Siguenas,D (2528)-Martinez Duany,L (2511) Santa Maria del Mar 2017}) 13. Rab1 $146 ({Predecessor:} 13. Rfd1 Be6 14. Bf1 Bg4 15. Be2 Be6 16. Bxd4 exd4 17. Nb5 Qxd2 18. Rxd2 {1-0 (42) Richards,D (2011)-Soondarsingh,A (1756) Bridgetown 2016}) 13... Be6 14. b4 Qc7 {White is slightly better.} 15. Rfc1 Rac8 16. Nb5 Nxb5 17. cxb5 Qb8 18. a4 {[%cal Ba2a4,Ba4a5][%mdl 32]} Rfd8 (18... b6 $14) 19. Rxc8 Rxc8 20. Rc1 (20. b6 $1 $16 {[%cal Rb6a7]} axb6 21. Bxb6) 20... Rxc1+ 21. Qxc1 Bf6 22. a5 Bd8 23. f3 b6 24. a6 d5 25. exd5 Bxd5 26. Be4 Be6 27. Qc6 Kg7 28. Bd5 Bxd5 29. Qxd5 Bc7 30. Kf2 Qd8 31. Qc4 Bb8 32. Ke2 Kf8 33. Qc6 Kg7 34. g3 h5 35. h4 f6 (35... Qe7 $11) 36. Qe6 Bc7 37. g4 hxg4 38. fxg4 e4 (38... Qg8 $11 39. Qc6 Qf7) 39. Qxe4 $16 {Hoping for h5.} Qd7 40. Qc4 Qd6 {[#]} (40... Bh2 $16) 41. Qc6 $1 $18 {[%cal Rc6d6] Strongly threatening Qxd6.} Qe5 {[#]} 42. Kd3 $1 Kg8 $2 (42... Bd6 43. Qd7+ Be7) 43. Bd4 Qg3+ 44. Kc4 Be5 45. Qa8+ Bb8 46. Qd5+ Kg7 47. Qd7+ Kh6 48. Qd8 {Precision: White = 56%, Black = 46%.} (48. Bxf6 $142 Qc7+ 49. Qxc7 Bxc7 50. Kd5) 1-0

[Event "17th Prague Open 2018"]
[Site "Prague"]
[Date "2018.01.13"]
[Round "2"]
[White "Vichnar, David"]
[Black "Storme, Isak"]
[Result "1-0"]
[WhiteElo "2443"]
[BlackElo "2171"]
[Annotator "TA"]
[PlyCount "95"]
[EventDate "2018.??.??"]
[EventType "swiss"]
[EventCountry "CZE"]
[SourceTitle "playchess.com"]
[Source "ChessBase"]
[SourceQuality "1"]

{[%evp 12,95,39,33,29,11,22,26,12,25,19,8,10,17,41,36,35,32,41,34,31,32,50,50,56,56,56,56,56,56,56,50,50,46,29,10,60,55,177,177,162,167,167,160,175,168,177,137,173,175,368,366,360,359,355,347,347,350,338,345,316,322,259,263,356,340,543,481,825,822,681,703,12839,12837,12837,12835,2558,2143,12833,12833,12844,12845,12845,12845,12846,12846]} 1. c4 Nf6 2. g3 e5 3. Bg2 Nc6 4. Nc3 Bc5 5. e3 O-O 6. Nge2 d6 7. O-O Bb6 {A25: English Opening vs King's Indian with ...Nc6 but without early d3} 8. d4 Bf5 (8... h6 9. Na4 exd4 10. Nxb6 axb6 11. Nxd4 Bd7 12. b3 Re8 13. Bb2 Nxd4 14. Qxd4 Bc6 15. f3 {½-½ (71) Bokar,J (2581)-Ljubicic,L (2639) ICCF email 2012}) 9. a3 a5 {White has an edge.} 10. b3 Qd7 11. Bb2 exd4 $146 ({Predecessor:} 11... Bh3 12. Na4 Ba7 13. Re1 Rfe8 14. Nac3 exd4 15. exd4 Nxd4 16. Nxd4 Rxe1+ 17. Qxe1 Bxd4 {½-½ (41) Stoffers,J-Hummel,P Nijmegen 2002}) 12. Nxd4 Bh3 13. Nxc6 Bxg2 14. Kxg2 {Black must now prevent Nd4.} Qxc6+ 15. Nd5 Nxd5 16. cxd5 Qb5 17. a4 Qb4 18. Rc1 Qe4+ 19. Kg1 Bc5 20. Rc4 $40 {[%mdl 128] Black needs to defend precisely.} Qe7 21. Qh5 (21. Rg4 {keeps more tension.} f6 22. Qf3 Qf7 23. Bc3 Qd7 24. h4) 21... f5 22. Rf4 Qf7 23. Qf3 {With the idea e4.} Rae8 24. h4 {[%cal Bh2h4,Bh4h5][%mdl 32]} b6 (24... h5 $14) 25. g4 $18 Qg6 {Threatens to win with ...fxg4.} 26. h5 $1 {[%cal Rh5g6]} ({Resist} 26. Rxf5 $6 Rxf5 27. Qxf5 Qxf5 $14) 26... Qg5 27. Rxf5 Rxf5 28. Qxf5 Qxf5 29. gxf5 {[%mdl 4096] Endgame KRB-KRB} Re4 30. Kg2 $1 Rb4 $2 (30... Rg4+ 31. Kf3 Rg5) 31. Kf3 Rxb3 32. Ba1 $1 Bb4 33. Rc1 Ra3 {[#]} 34. Rg1 $1 Bc3 35. Bxc3 Rxc3 {KR-KR} 36. h6 g6 37. Kf4 (37. fxg6 hxg6 38. Rxg6+ Kh7 $16) 37... Rc5 {[#]} 38. e4 $1 (38. fxg6 Rxd5 39. gxh7+ Kxh7 $16) 38... Rc4 (38... Rc2 $142 39. f3 (39. fxg6 Rxf2+ 40. Kg5 hxg6 $16) 39... Kf7) 39. f3 {White is clearly winning.} Rxa4 (39... Kf7 $142 40. fxg6+ hxg6) 40. Rc1 gxf5 41. Kxf5 Ra3 42. Rxc7 Rxf3+ 43. Ke6 a4 44. Kxd6 Rf6+ 45. Ke5 Rxh6 46. d6 {d7 would kill now.} Rh5+ 47. Kf6 {[%cal Rc7c8]} Rh6+ 48. Ke7 {Precision: White = 83%, Black = 43%.} 1-0

[Event "17th Prague Open 2018"]
[Site "Prague"]
[Date "2018.01.13"]
[Round "2"]
[White "Low, Zhen Yu Cyrus"]
[Black "Utiatskaja, Irina"]
[Result "1-0"]
[WhiteElo "2437"]
[BlackElo "2164"]
[Annotator "TA"]
[PlyCount "104"]
[EventDate "2018.??.??"]
[EventType "swiss"]
[EventCountry "CZE"]
[SourceTitle "playchess.com"]
[Source "ChessBase"]
[SourceQuality "1"]

{[%evp 14,104,1,15,38,57,66,49,49,72,61,67,92,88,93,98,104,43,95,60,87,76,84,65,71,56,54,44,106,112,259,247,256,248,255,255,241,239,233,227,307,287,300,292,286,266,347,354,339,329,393,413,414,402,469,469,469,451,470,470,464,455,655,581,501,482,466,431,1383,9101,1606,2531,5740,1931,12833,12834,12833,11952,12833,12832,12833,12661,1860,12804,4086,2214,12822,6813,12839,12839,12845,12845,12845]} 1. e4 c5 2. Nf3 d6 3. d4 cxd4 4. Nxd4 Nf6 5. Nc3 a6 6. Be2 e6 7. g4 h6 8. h4 {LiveBook: 4 Games. B84: Sicilian Scheveningen: 6 Be2 a6, lines without early Be3} g6 $146 ({Predecessor:} 8... Nc6 9. Be3 d5 10. exd5 Nxd5 11. Nxd5 Qxd5 12. Bf3 Qa5+ 13. c3 Bd7 14. Qb3 Qc7 15. Qc4 Rc8 {1-0 (29) Plat,V (2503)-Plischki,S (2384) Olomouc 2016}) 9. Be3 Nbd7 10. Qd2 {White is slightly better.} b5 11. a3 Bb7 12. f3 d5 13. exd5 Nxd5 14. Nxd5 Bxd5 {[#]} 15. O-O-O {[%cal Ba1d1,Bd1d3,Bd3b3,Bb3c3,Bc3c7][%mdl 32]} (15. h5 $1 $16) 15... Qc7 (15... h5 $1 $14) 16. Rhe1 Qb7 17. Nb3 Bg7 18. Bd4 Bxd4 19. Qxd4 O-O-O 20. Rd3 Bxb3 (20... Qb6 $14) 21. Rxb3 $16 {aiming for Rc3+.} Nb6 (21... Qb6 $16 {was necessary.} 22. Qf4 e5) 22. Rc3+ $18 Kb8 {[#]} 23. Qe5+ $1 Ka8 24. Rc7 Qd5 25. Qxd5+ Nxd5 26. Rxf7 g5 27. hxg5 hxg5 28. Bd3 Rd6 29. Rg7 Rh3 30. Be4 ({Don't take} 30. Rxg5 Rxf3 31. Rg7 Kb8 $18) 30... Kb8 31. Rd1 ({Resist} 31. Rxg5 Nf6 $18) 31... Rh2 32. Rxg5 Rc6 33. c3 Rc4 {intending ...Nxc3.} 34. Bxd5 {White is clearly winning.} exd5 35. Rgxd5 {[%mdl 4096] Endgame KRR-KRR} Rf4 36. Rf5 Rxf5 37. gxf5 {KR-KR} Rh5 (37... Kc7 $142 38. Re1 Rh5 39. Re7+ Kd8) 38. Kd2 Rxf5 39. Ke3 Kc7 40. f4 {[%cal Bf3f4,Bf4f5][%mdl 32]} Kc6 (40... Rf8 $142 41. Rd5 Rg8) 41. Ke4 Rf8 42. f5 Kc5 43. Rd2 Kc4 44. Ke5 Re8+ 45. Kf4 Rf8 46. Kg5 Rg8+ 47. Kh6 Rg1 48. f6 Rh1+ 49. Kg7 Rg1+ 50. Kf8 Rf1 51. f7 a5 52. Rg2 Kd5 {Precision: White = 83%, Black = 33%.} 1-0

[Event "17th Prague Open 2018"]
[Site "Prague"]
[Date "2018.01.13"]
[Round "2"]
[White "Lalic, Bogdan"]
[Black "Stoynov, Yordan"]
[Result "1-0"]
[WhiteElo "2415"]
[BlackElo "2163"]
[Annotator "TA"]
[PlyCount "93"]
[EventDate "2018.??.??"]
[EventType "swiss"]
[EventCountry "CZE"]
[SourceTitle "playchess.com"]
[Source "ChessBase"]
[SourceQuality "1"]

{[%evp 12,93,52,58,52,50,63,54,56,43,53,47,56,62,52,65,211,220,241,239,438,429,531,187,191,184,212,99,93,86,174,160,175,155,166,138,152,147,188,162,168,87,171,125,233,233,325,226,235,216,271,256,260,232,272,268,275,258,239,255,551,665,652,650,1398,1310,2106,2064,1933,1933,1496,1446,5613,1412,5613,5593,3642,5609,5605,5605,6307,5593,5481,5210]} 1. d4 b5 2. e4 Bb7 3. Bd3 Nf6 4. Qe2 a6 5. Nf3 e6 6. a4 {B00: Damenfianchetto, Nimzowitsch-Verteidigung} (6. Nbd2 c5 7. c3 cxd4 8. cxd4 Be7 9. O-O d6 10. Re1 O-O 11. Nf1 Nbd7 12. Ng3 Qc7 13. Bg5 Rfc8 {1-0 (32) Rublevsky,S (2702)-Nielsen,P (2654) Berlin 2015}) 6... b4 7. Nbd2 {LiveBook: 3 Partien} d5 8. c4 {[#] Und weiter mit exd5 wäre nett.Weiß steht etwas besser.} bxc3 9. bxc3 c5 10. O-O Be7 $146 ({Vorgänger:} 10... Nc6 11. Rb1 Qc7 12. dxc5 Bxc5 13. exd5 Nxd5 {1-0 (27) Lindberg,B (2326)-Agrest,R (2107) Stockholm 2004}) 11. dxc5 Bxc5 12. e5 $36 {[%mdl 2048] Weiss drückt.} Nfd7 $1 13. c4 Nf8 (13... Be7 $14) 14. Rb1 $18 Bc6 15. cxd5 exd5 $2 (15... Bxd5 16. Ne4 Be7) 16. Nb3 Nbd7 17. Bxa6 $2 (17. Nfd4) 17... Ne6 18. Bb5 Bxb5 19. Qxb5 (19. axb5 $18 {ist der präzise Gewinnweg. Droht Td1 und aus.} Qb8 20. Rd1) 19... O-O $16 20. a5 Nc7 (20... Qc7 $16) 21. Qd3 $18 h6 22. Bd2 Re8 23. Nbd4 Qc8 24. Rfe1 Ra6 25. g3 Qa8 26. Nb5 ({Besser ist} 26. Rec1 $18) 26... Nxb5 (26... Ne6 $16 {kämpft weiter.}) 27. Qxb5 Qc6 (27... Ra7 $16 {war nötig.} 28. Qd3 Nf8) 28. Rec1 Rc8 29. Qxc6 Raxc6 30. Kg2 g5 31. Rb7 Nf8 32. Bb4 g4 33. Nh4 Bxb4 34. Rxc6 Rxc6 35. Rxb4 Rc4 $2 (35... h5 36. Nf5 Ng6) 36. Rxc4 {Weiß steht klar auf Gewinn.} dxc4 {[%mdl 4096] Endspiel KS-KS} 37. Kf1 f6 38. a6 {[%cal Ba5a6,Ba6a7][%mdl 32]} Ne6 39. a7 Nc7 {[#]} 40. e6 $1 {[%mdl 512]} Kf8 (40... Nxe6 41. a8=Q+) 41. Nf5 h5 42. Ke1 c3 43. Kd1 Ke8 44. Kc2 (44. Kc1 $142 Kd8 45. Ne3) 44... Kd8 45. Nd4 Kc8 46. Kxc3 Kb7 47. Kc4 {Precision: Weiß = 68%, Schwarz = 25%.} 1-0

[Event "17th Prague Open 2018"]
[Site "Prague"]
[Date "2018.01.13"]
[Round "2"]
[White "Moehn, Hans"]
[Black "Taranenko, Evgueniy"]
[Result "1-0"]
[WhiteElo "2378"]
[BlackElo "2154"]
[Annotator "NA"]
[PlyCount "97"]
[EventDate "2018.??.??"]
[EventType "swiss"]
[EventCountry "CZE"]
[SourceTitle "playchess.com"]
[Source "ChessBase"]
[SourceQuality "1"]
[TimeControl "40/5400+30:1800+30"]

1. Nf3 {[%emt 0:00:00]} Nc6 {[%emt 0:03:50]} 2. d4 {[%emt 0:00:00]} d6 {[%emt 0:00:06]} 3. g3 {[%emt 0:00:00]} e5 {[%emt 0:00:09]} 4. d5 {[%emt 0:00:37]} Nce7 {[%emt 0:01:15]} 5. c4 {[%emt 0:00:26]} Nf6 {[%emt 0:00:27]} 6. Bg2 {[%emt 0:00:20]} Ng6 {[%emt 0:00:37]} 7. Nc3 {[%emt 0:01:10]} Be7 {[%emt 0:00:07]} 8. O-O {[%emt 0:01:24]} O-O {[%emt 0:00:06]} 9. Ne1 {[%emt 0:10:55]} Ne8 {[%emt 0:03:00]} 10. e4 {[%emt 0:03:21]} f5 {[%emt 0:01:16]} 11. exf5 {[%emt 0:00:34]} Bxf5 {[%emt 0:00:11]} 12. Nd3 {[%emt 0:04:47]} Qd7 {[%emt 0:01:30]} 13. Be3 {[%emt 0:00:47]} Bh3 {[%emt 0:03:54]} 14. f3 {[%emt 0:05:55]} Bxg2 {[%emt 0:01:04]} 15. Kxg2 {[%emt 0:00:06]} c6 {[%emt 0:07:15]} 16. Nf2 {[%emt 0:11:11]} Bd8 {[%emt 0:09:27]} 17. c5 {[%emt 0:03:02]} Ne7 {[%emt 0:19:22]} 18. Nfe4 {[%emt 0:06:10]} Nf5 {[%emt 0:00:38]} 19. Bg1 {[%emt 0:00:55]} Kh8 {[%emt 0:09:08]} 20. Qa4 {[%emt 0:05:15]} Rf7 {[%emt 0:04:30]} 21. dxc6 {[%emt 0:03:14]} Qxc6 {[%emt 0:01:28]} 22. Qxc6 {[%emt 0:04:34]} bxc6 {[%emt 0:00:01]} 23. cxd6 {[%emt 0:00:30]} Nexd6 {[%emt 0:01:23]} 24. Nxd6 {[%emt 0:00:36]} Nxd6 {[%emt 0:00:01]} 25. Rfd1 {[%emt 0:00:50]} Nf5 {[%emt 0:03:05]} 26. Ne4 {[%emt 0:10:22]} Bb6 {[%emt 0:11:48]} 27. Nc5 {[%emt 0:01:20]} Re8 {[%emt 0:11:43]} 28. Rac1 {[%emt 0:01:53]} h6 {[%emt 0:00:28]} 29. Rc4 {[%emt 0:02:54]} Nd4 {[%emt 0:01:59]} 30. Bxd4 {[%emt 0:00:42]} exd4 {[%emt 0:00:00]} 31. Ne4 {[%emt 0:00:24]} Re6 {[%emt 0:01:56]} 32. b4 {[%emt 0:03:54]} g5 {[%emt 0:02:34]} 33. h3 {[%emt 0:00:31]} Rf5 {[%emt 0:01:10]} 34. Rdc1 {[%emt 0:02:18]} d3 {[%emt 0:00:19]} 35. Rd1 {[%emt 0:01:23]} Rd5 {[%emt 0:00:24]} 36. Rc3 {[%emt 0:00:36]} Rd4 {[%emt 0:00:52]} 37. a3 {[%emt 0:01:03]} d2 {[%emt 0:00:31]} 38. Kf1 {[%emt 0:03:23]} a5 {[%emt 0:00:00]} 39. Rb3 {[%emt 0:04:01]} Rc4 {[%emt 0:01:44]} 40. Rxd2 {[%emt 0:03:06]} Rc1+ {[%emt 0:30:29]} 41. Kg2 {[%emt 0:32:53]} h5 {[%emt 0:00:00]} 42. bxa5 {[%emt 0:00:00]} Bxa5 {[%emt 0:00:00]} 43. Rd7 {[%emt 0:00:00]} Rc2+ {[%emt 0:00:00]} 44. Kf1 {[%emt 0:00:00]} Re8 {[%emt 0:00:00]} 45. Rbb7 {[%emt 0:00:00]} Rc1+ {[%emt 0:00:00]} 46. Ke2 {[%emt 0:00:00]} c5 {[%emt 0:00:00]} 47. Rh7+ {[%emt 0:00:00]} Kg8 {[%emt 0:00:00]} 48. Rhg7+ {[%emt 0:00:00]} Kh8 {[%emt 0:00:00]} 49. Rxg5 {[%emt 0:00:00]} 1-0